000 00588cam a22002053a 4500
001 37804
003 PGUSA
005 20140828083830.0
008 111020s2011||||xxu|||||s|||||000 | eng d
040 _aPGUSA
_beng
042 _adc
100 1 _aBridges, Robert,
_d1844-1930
245 1 4 _aThe Poetical Works of Robert Bridges
_h[electronic resource] /
_cRobert Bridges
260 _bProject Gutenberg,
_c2011
506 _aPublic domain in the USA.
516 _aElectronic text
830 0 _aProject Gutenberg
_v37804
856 4 0 _uhttp://www.gutenberg.org/ebooks/37804
942 _cEB
999 _c267058
_d267058